000 00533nam a2200217Ia 4500
003 OSt
005 20221005130356.0
006 a|||||r|||| 00| 0
007 ta
008 221004b |||||||| |||| 00| 0 eng d
024 _a120139
037 _cTextual
040 _aCRL
_cCRL
_beng
041 _2eng
_aeng
100 _aKnoepflamacher V C
_9637989
245 0 _aReligious humanism & the Victorian novels
260 _c1965
650 _aSOCIOLOGY
942 _cTEXL
_2cc
999 _c1056996
_d1056996